[Event "Toronto Candidates Blitz op"]
[Site "Toronto"]
[Date "2024.04.08"]
[Round "2"]
[White "Qiao, Cindy"]
[Black "Sambuev, Bator"]
[Result "0-1"]
[WhiteElo "1894"]
[BlackElo "2464"]
[PlyCount "76"]
[EventDate "2024.04.08"]
[EventType "swiss (blitz)"]
[EventRounds "9"]
[EventCountry "CAN"]
[SourceTitle "CB16_2024"]
[SourceDate "2024.04.17"]
[SourceVersion "1"]
[SourceVersionDate "2024.04.17"]
[SourceQuality "1"]

1. d4 Nf6 2. Bf4 e6 3. e3 b6 4. Nf3 Bb7 5. Nbd2 d6 6. Bd3 Nbd7 7. 0-0 Nh5 8. Bg5 Be7 9. Bxe7 Qxe7 10. Re1 0-0 11. c4 g6 12. Rc1 e5 13. Be4 c6 14. d5 c5 15. Bc2 f5 16. Ba4 Bc8 17. Nf1 e4 18. N3d2 Ne5 19. Qb3 Nd3 20. Qc3 Qf6 21. Qxf6 Nxf6 22. Bc6 Rb8 23. b3 Bd7 24. Bxd7 Nxd7 25. Nb1 N7e5 26. Nc3 a6 27. Ng3 b5 28. cxb5 axb5 29. Nge2 b4 30. Na4 Ra8 31. Nf4 Nxe1 32. Rxe1 Nd3 33. Nxd3 exd3 34. Rd1 c4 35. Nb6 c3 36. Nc4 d2 37. Nxd2 cxd2 38. Rxd2 Rfc8 0-1

[Event "Toronto Excelsior op"]
[Site "Toronto"]
[Date "2024.02.25"]
[Round "4"]
[White "Sambuev, Bator"]
[Black "Malakar, Saarthak"]
[Result "0-1"]
[WhiteElo "2465"]
[BlackElo "1637"]
[PlyCount "112"]
[EventDate "2024.02.23"]
[EventType "swiss"]
[EventRounds "5"]
[EventCountry "CAN"]
[SourceTitle "CB10_2024"]
[SourceDate "2024.03.06"]
[SourceVersion "1"]
[SourceVersionDate "2024.03.06"]
[SourceQuality "1"]

1. d4 d5 2. c4 c6 3. Nf3 Nf6 4. e3 Bf5 5. Nc3 e6 6. Nh4 Be4 7. f3 Bg6 8. Bd2 Be7 9. Nxg6 hxg6 10. Qc2 Qc7 11. 0-0-0 Rxh2 12. Rxh2 Qxh2 13. g4 Nbd7 14. g5 Nh5 15. cxd5 exd5 16. f4 Ng3 17. Bd3 Nb6 18. Qb3 Qh3 19. a4 Qd7 20. a5 Nc8 21. Na4 Nd6 22. Kb1 Nde4 23. Be1 Rd8 24. Rc1 Nf5 25. Rc2 Kf8 26. Rh2 Kg8 27. Bc2 Bd6 28. Bxe4 dxe4 29. Bd2 Qe7 30. Nc3 Bb4 31. Qd1 Bxc3 32. Qh1 f6 33. gxf6 Qxf6 34. bxc3 Nd6 35. Bc1 Kf7 36. Rb2 Qe6 37. Rb4 Rd7 38. Qd1 Nc4 39. Ra4 b5 40. axb6 Nxb6 41. Rb4 Nd5 42. Rb3 Nb6 43. Kc2 Qc4 44. Kb1 Nd5 45. Kb2 a5 46. Qc2 a4 47. Ra3 Rb7+ 48. Ka1 Rb3 49. Rxb3 axb3 50. Qd2 Qa4+ 51. Kb1 Nxc3+ 52. Kb2 Nd5 53. Kb1 Nxe3 54. d5 Nxd5 55. Bb2 Qc4 56. Be5 e3 0-1

[Event "Toronto Excelsior op"]
[Site "Toronto"]
[Date "2023.09.10"]
[Round "9"]
[White "Sambuev, Bator"]
[Black "Moses, Neil"]
[Result "1-0"]
[WhiteElo "2480"]
[BlackElo "1913"]
[PlyCount "98"]
[EventDate "2023.09.06"]
[EventType "swiss"]
[EventRounds "9"]
[EventCountry "CAN"]
[SourceTitle "EXT 2024"]
[Source "ChessBase"]
[SourceDate "2023.10.10"]
[SourceVersion "1"]
[SourceVersionDate "2023.10.10"]
[SourceQuality "1"]

1. d4 Nf6 2. c4 e6 3. Nc3 Bb4 4. e3 0-0 5. Bd3 d5 6. Nf3 dxc4 7. Bxc4 c5 8. 0-0 b6 9. Qe2 cxd4 10. exd4 Bb7 11. Rd1 h6 12. Bf4 Nd5 13. Nxd5 Bxd5 14. Bd3 Nd7 15. a3 Be7 16. Ba6 Nb8 17. Bb5 Bd6 18. Ne5 Qe7 19. Rac1 a6 20. Bd3 Qb7 21. Qg4 f5 22. Qg3 Bxe5 23. dxe5 b5 24. Be2 Kh7 25. Bf3 Bxf3 26. Qxf3 Qxf3 27. gxf3 Ra7 28. Be3 Rb7 29. Rd6 Re8 30. b4 Kg6 31. f4 Kf7 32. Kf1 Ree7 33. Ke2 Rec7 34. Rc5 Rxc5 35. Bxc5 g5 36. Ke3 Rc7 37. Rd8 Nd7 38. Bd6 Ra7 39. Rh8 Kg7 40. Re8 Nb6 41. fxg5 hxg5 42. Rxe6 Nc4+ 43. Kd4 Nxa3 44. Bc5 Ra8 45. Rf6 Rd8+ 46. Rd6 Ra8 47. e6 Kf6 48. e7+ Kf7 49. Rd8 Nc2+ 1-0

[Event "Toronto Excelsior op"]
[Site "Toronto"]
[Date "2023.09.07"]
[Round "3"]
[White "Sambuev, Bator"]
[Black "Mendes, Aaron Reeve"]
[Result "1/2-1/2"]
[WhiteElo "2480"]
[BlackElo "2250"]
[PlyCount "151"]
[EventDate "2023.09.06"]
[EventType "swiss"]
[EventRounds "9"]
[EventCountry "CAN"]
[SourceTitle "EXT 2024"]
[Source "ChessBase"]
[SourceDate "2023.10.10"]
[SourceVersion "1"]
[SourceVersionDate "2023.10.10"]
[SourceQuality "1"]

1. d4 d5 2. Nf3 Nf6 3. e3 c6 4. Bd3 Bg4 5. c4 Nbd7 6. cxd5 cxd5 7. Qb3 Bxf3 8. gxf3 Qb6 9. Nc3 e6 10. Bd2 Be7 11. Na4 Qxb3 12. axb3 0-0 13. Ke2 Rfc8 14. b4 g6 15. Nc5 b6 16. Nxd7 Nxd7 17. Rhc1 Rxc1 18. Rxc1 Nf8 19. Rc7 Bd8 20. Rb7 a6 21. e4 b5 22. Bf4 Bf6 23. Ke3 g5 24. Bd6 Ng6 25. e5 Bd8 26. Bxg6 hxg6 27. Bc5 Kg7 28. Ke2 Kg8 29. Kf1 Kg7 30. Kg2 Kg8 31. Kg3 Kg7 32. Kg4 Kg8 33. f4 gxf4 34. Kxf4 Bh4 35. f3 Kg7 36. Kg4 Be1 37. Rc7 Bf2 38. f4 Be3 39. Kf3 Bg1 40. h3 Rh8 41. Ra7 Rh4 42. Be7 g5 43. Bxg5 Rxh3+ 44. Kg4 Rh2 45. Ra8 Rg2+ 46. Kf3 Rf2+ 47. Kg4 Rg2+ 48. Kh4 Rh2+ 49. Kg3 Rxb2 50. f5 exf5 51. Bf6+ Kg6 52. Rg8+ Kh7 53. Rh8+ Kg6 54. Rg8+ Kh7 55. Rg7+ Kh6 56. Rxf7 Bxd4 57. Rd7 Rxb4 58. Kf4 Rb1 59. Kxf5 Rf1+ 60. Ke6 b4 61. Rxd5 b3 62. Rxd4 b2 63. Kf7 Rh1 64. Rd8 b1Q 65. Rh8+ Qh7+ 66. Bg7+ Kg5 67. Rxh7 Rxh7 68. e6 Rh2 69. e7 Re2 70. e8Q Rxe8 71. Kxe8 a5 72. Kd7 a4 73. Kc6 a3 74. Kb5 a2 75. Kb4 a1Q 76. Bxa1 1/2-1/2

[Event "Toronto Excelsior op"]
[Site "Toronto"]
[Date "2023.09.06"]
[Round "2"]
[White "Almeida Quintana, Omar"]
[Black "Sambuev, Bator"]
[Result "1/2-1/2"]
[WhiteElo "2504"]
[BlackElo "2480"]
[PlyCount "33"]
[EventDate "2023.09.06"]
[EventType "swiss"]
[EventRounds "9"]
[EventCountry "CAN"]
[SourceTitle "EXT 2024"]
[Source "ChessBase"]
[SourceDate "2023.10.10"]
[SourceVersion "1"]
[SourceVersionDate "2023.10.10"]
[SourceQuality "1"]

1. d4 e6 2. c4 Nf6 3. Nf3 d5 4. Nc3 Be7 5. Bg5 h6 6. Bh4 0-0 7. e3 Ne4 8. Bxe7 Qxe7 9. Qc2 Nxc3 10. Qxc3 dxc4 11. Bxc4 b6 12. Be2 Bb7 13. 0-0 Rc8 14. b4 c5 15. bxc5 bxc5 16. Rfc1 Nd7 17. Qa3 1/2-1/2

[Event "Toronto Annex op"]
[Site "Toronto"]
[Date "2023.09.02"]
[Round "1"]
[White "Sambuev, Bator"]
[Black "Huh, Isaak"]
[Result "1-0"]
[WhiteElo "2480"]
[BlackElo "2027"]
[PlyCount "73"]
[EventDate "2023.09.02"]
[EventType "swiss"]
[EventRounds "6"]
[EventCountry "CAN"]
[SourceTitle "EXT 2024"]
[Source "ChessBase"]
[SourceDate "2023.10.10"]
[SourceVersion "1"]
[SourceVersionDate "2023.10.10"]
[SourceQuality "1"]

1. d4 Nf6 2. c4 e6 3. Nc3 Bb4 4. e3 0-0 5. Bd3 c5 6. Nf3 d5 7. 0-0 Nc6 8. a3 Bxc3 9. bxc3 b6 10. cxd5 exd5 11. dxc5 bxc5 12. c4 Bg4 13. cxd5 Ne5 14. e4 c4 15. Be2 Nxe4 16. Nxe5 Nc3 17. Nxg4 Nxd1 18. Rxd1 Re8 19. Ne3 c3 20. Ra2 Rb8 21. Rc2 Qf6 22. g3 h6 23. Rd3 Rbc8 24. Bg4 Rc5 25. a4 Qa6 26. Rdxc3 Rxc3 27. Rxc3 Qxa4 28. h3 Rd8 29. Kg2 a5 30. Ba3 Qe4+ 31. Bf3 Qe5 32. Rc5 a4 33. Rc4 Ra8 34. d6 Rd8 35. Rxa4 Rxd6 36. Ra8+ Kh7 37. Nc4 1-0

[Event "Casablanca Mohammed op 4th"]
[Site "Casablanca"]
[Date "2023.08.19"]
[Round "9"]
[White "Matviishen, Viktor"]
[Black "Sambuev, Bator"]
[Result "1-0"]
[WhiteElo "2550"]
[BlackElo "2462"]
[PlyCount "71"]
[EventDate "2023.08.14"]
[EventType "swiss"]
[EventRounds "9"]
[EventCountry "MAR"]
[SourceTitle "CBM 215 Extra"]
[Source "ChessBase"]
[SourceDate "2023.09.30"]
[SourceVersion "1"]
[SourceVersionDate "2023.09.30"]
[SourceQuality "1"]

1. d4 Nf6 2. c4 e6 3. Nc3 Bb4 4. e3 c5 5. Bd3 Nc6 6. Nge2 cxd4 7. exd4 d5 8. cxd5 Nxd5 9. 0-0 Nxc3 10. bxc3 Bd6 11. Ng3 Qh4 12. Re1 0-0 13. Re4 Qd8 14. Qh5 g6 15. Qf3 f5 16. Re1 Bd7 17. Rb1 Rc8 18. Rxb7 Rf7 19. Bc4 Kg7 20. Rb1 Qf6 21. Ba6 Rc7 22. Bf4 e5 23. dxe5 Bxe5 24. Nh5+ gxh5 25. Qg3+ Kf8 26. Rxe5 Nxe5 27. Bxe5 f4 28. Rb8+ Bc8 29. Bxf6 fxg3 30. Be5 Rc5 31. Bd4 gxf2+ 32. Kf1 Rc6 33. Bxc8 Ke7 34. Rb7+ Ke8 35. Rxf7 Kxf7 36. Bb7 1-0

[Event "Casablanca Mohammed op 4th"]
[Site "Casablanca"]
[Date "2023.08.18"]
[Round "7"]
[White "Fier, Alexandr"]
[Black "Sambuev, Bator"]
[Result "1-0"]
[WhiteElo "2600"]
[BlackElo "2462"]
[PlyCount "77"]
[EventDate "2023.08.14"]
[EventType "swiss"]
[EventRounds "9"]
[EventCountry "MAR"]
[SourceTitle "CBM 215 Extra"]
[Source "ChessBase"]
[SourceDate "2023.09.30"]
[SourceVersion "1"]
[SourceVersionDate "2023.09.30"]
[SourceQuality "1"]

1. d4 Nf6 2. c4 e6 3. Nf3 d5 4. g3 dxc4 5. Bg2 c6 6. 0-0 b5 7. a4 Bb7 8. Ne5 a6 9. b3 cxb3 10. Qxb3 Be7 11. Rd1 0-0 12. Nc3 b4 13. Ne4 Nxe4 14. Bxe4 a5 15. Bf4 Bd6 16. Rac1 Qe7 17. h4 Rc8 18. h5 h6 19. Qd3 Bxe5 20. dxe5 c5 21. Bxb7 Qxb7 22. Qe3 Qe7 23. g4 Nc6 24. Rxc5 Qh4 25. Qf3 Rd8 26. Rd6 Nd4 27. Rxd4 Rxd4 28. Qxa8+ Kh7 29. Kg2 Qxg4+ 30. Bg3 b3 31. f3 Qxh5 32. Rb5 Rb4 33. Qxa5 Re4 34. Kf2 Qf5 35. Rxb3 h5 36. Rb4 Rxe2+ 37. Kxe2 Qc2+ 38. Kf1 g5 39. Re4 1-0

[Event "Toronto Excelsior GM 06"]
[Site "Toronto"]
[Date "2023.06.22"]
[Round "7"]
[White "Sambuev, Bator"]
[Black "Nagy, Gabor"]
[Result "0-1"]
[WhiteElo "2448"]
[BlackElo "2468"]
[PlyCount "90"]
[EventDate "2023.06.19"]
[EventType "tourn"]
[EventRounds "9"]
[EventCountry "CAN"]
[EventCategory "5"]
[SourceTitle "CBM 215 Extra"]
[Source "ChessBase"]
[SourceDate "2023.09.30"]
[SourceVersion "1"]
[SourceVersionDate "2023.09.30"]
[SourceQuality "1"]

1. d4 Nf6 2. c4 e6 3. Nc3 d5 4. Bg5 Be7 5. e3 h6 6. Bh4 0-0 7. Nf3 b6 8. g4 Ne4 9. Bxe7 Qxe7 10. g5 Nxg5 11. cxd5 exd5 12. Rg1 Ne4 13. Nxd5 Qd6 14. Nc3 Nxc3 15. bxc3 Nd7 16. Nh4 Qa3 17. Qb3 Qa5 18. Ng6 Re8 19. Bb5 Rb8 20. Nf4 Kf8 21. Kd2 g5 22. Nd3 a6 23. a4 Nc5 24. dxc5 bxc5 25. h4 axb5 26. axb5 Qxb5 27. Qxb5 Rxb5 28. c4 Rb6 29. hxg5 Bf5 30. Nxc5 Rb2+ 31. Ke1 h5 32. Rh1 Re5 33. Na6 Bd3 34. Nxc7 Rxg5 35. Nd5 Re2+ 36. Kd1 Rxf2 37. Nf4 Be4 38. Ke1 Rc2 39. Rf1 Rg3 40. Ne6+ Kg8 41. Nc5 Rxe3+ 42. Kd1 Bg6 43. Rf4 Rg2 44. Ra8+ Kg7 45. Rd8 Ra3 0-1

[Event "Toronto Excelsior GM 06"]
[Site "Toronto"]
[Date "2023.06.21"]
[Round "6"]
[White "Noritsyn, Nikolay"]
[Black "Sambuev, Bator"]
[Result "0-1"]
[WhiteElo "2462"]
[BlackElo "2448"]
[PlyCount "140"]
[EventDate "2023.06.19"]
[EventType "tourn"]
[EventRounds "9"]
[EventCountry "CAN"]
[EventCategory "5"]
[SourceTitle "CBM 215 Extra"]
[Source "ChessBase"]
[SourceDate "2023.09.30"]
[SourceVersion "1"]
[SourceVersionDate "2023.09.30"]
[SourceQuality "1"]

1. e4 e5 2. Nf3 Nc6 3. Bb5 a6 4. Ba4 d6 5. 0-0 Bd7 6. c3 Nf6 7. Re1 g6 8. d4 Bg7 9. h3 0-0 10. Bb3 a5 11. a3 a4 12. Bc2 b5 13. Be3 Re8 14. Nbd2 Qb8 15. Bd3 Qb7 16. Qc2 Nh5 17. Rad1 h6 18. Nf1 Na5 19. N3h2 Be6 20. Qe2 Bc4 21. d5 Nf4 22. Bxf4 exf4 23. Qf3 Bxd3 24. Qxd3 Nc4 25. Qc2 Re7 26. Nd2 Rae8 27. Nhf3 Nxd2 28. Rxd2 g5 29. Rde2 c5 30. dxc6 Qxc6 31. Qd3 Re6 32. Kf1 Qc4 33. Qxc4 bxc4 34. Rd2 Rb8 35. Ree2 Kf8 36. Rd5 Ke7 37. Ra5 Rb7 38. Rxa4 f5 39. Rxc4 d5 40. exd5 Rxe2 41. Kxe2 Rxb2+ 42. Kd3 Kd6 43. Nd2 Kxd5 44. Rc7 Bf6 45. Rh7 Ra2 46. Rxh6 Ke6 47. Rh7 Rxa3 48. Rc7 Ra2 49. Rc6+ Ke7 50. Rc4 Ra1 51. h4 gxh4 52. Nf3 Ra2 53. Nd2 f3 54. gxf3 Kf7 55. Rb4 Ra1 56. f4 h3 57. Nf3 Rh1 58. Rb7+ Kg6 59. Rb6 h2 60. Ke2 Re1+ 61. Nxe1 h1Q 62. Nf3 Qc1 63. Ne5+ Kg7 64. Rb7+ Kg8 65. Rb8+ Kh7 66. Rb7+ Bg7 67. Nd3 Qxc3 68. f3 Qc6 69. Re7 Kg8 70. Re3 Bf8 0-1

[Event "Toronto Excelsior GM 06"]
[Site "Toronto"]
[Date "2023.06.21"]
[Round "5"]
[White "Sambuev, Bator"]
[Black "Mendes, Aaron Reeve"]
[Result "1-0"]
[WhiteElo "2448"]
[BlackElo "1994"]
[PlyCount "41"]
[EventDate "2023.06.19"]
[EventType "tourn"]
[EventRounds "9"]
[EventCountry "CAN"]
[EventCategory "5"]
[SourceTitle "CBM 215 Extra"]
[Source "ChessBase"]
[SourceDate "2023.09.30"]
[SourceVersion "1"]
[SourceVersionDate "2023.09.30"]
[SourceQuality "1"]

1. c4 e5 2. e3 Bc5 3. d4 exd4 4. exd4 Bb4+ 5. Nc3 Nf6 6. Bd3 0-0 7. Nf3 Re8+ 8. Be3 d5 9. 0-0 Bg4 10. Bg5 c6 11. cxd5 cxd5 12. Bxf6 gxf6 13. Ne2 Bxf3 14. gxf3 Bd6 15. Kh1 Nc6 16. Rg1+ Kh8 17. Qf1 Qd7 18. Bxh7 Rxe2 19. Qg2 Bg3 20. Qxg3 Kxh7 21. Qg7# 1-0

[Event "CAN Transnational op"]
[Site "Montreal"]
[Date "2023.06.10"]
[Round "7"]
[White "Lenderman, Aleksandr"]
[Black "Sambuev, Bator"]
[Result "1/2-1/2"]
[WhiteElo "2566"]
[BlackElo "2448"]
[PlyCount "29"]
[EventDate "2023.06.06"]
[EventType "swiss"]
[EventRounds "9"]
[EventCountry "CAN"]
[SourceTitle "CBM 214 Extra"]
[Source "ChessBase"]
[SourceDate "2023.07.31"]
[SourceVersion "1"]
[SourceVersionDate "2023.07.31"]
[SourceQuality "1"]

1. d4 d5 2. c4 e6 3. Nf3 Nf6 4. Nc3 Be7 5. g3 dxc4 6. Qa4+ Nbd7 7. Bg2 a6 8. Ne5 0-0 9. Qxc4 c5 10. Nxd7 Nxd7 11. Qd3 Nf6 12. dxc5 Qxd3 13. exd3 Bxc5 14. 0-0 Ra7 15. Rd1 1/2-1/2

[Event "CAN Transnational op"]
[Site "Montreal"]
[Date "2023.06.07"]
[Round "2"]
[White "Moradiabadi, Elshan"]
[Black "Sambuev, Bator"]
[Result "1-0"]
[WhiteElo "2520"]
[BlackElo "2448"]
[PlyCount "81"]
[EventDate "2023.06.06"]
[EventType "swiss"]
[EventRounds "9"]
[EventCountry "CAN"]
[SourceTitle "CBM 214 Extra"]
[Source "ChessBase"]
[SourceDate "2023.07.31"]
[SourceVersion "1"]
[SourceVersionDate "2023.07.31"]
[SourceQuality "1"]

1. c4 e5 2. Nc3 Nc6 3. g3 g6 4. Bg2 Bg7 5. d3 Nge7 6. e4 Nd4 7. Nge2 c6 8. 0-0 0-0 9. Nxd4 exd4 10. Ne2 d6 11. b4 f5 12. Bb2 fxe4 13. Bxd4 e3 14. fxe3 Bg4 15. Bxg7 Kxg7 16. Rxf8 Qxf8 17. Qd2 Bxe2 18. Qxe2 Nf5 19. Rf1 Qe7 20. Be4 Re8 21. Bxf5 gxf5 22. Qb2+ Kg6 23. Re1 Qe5 24. Qxe5 Rxe5 25. Kf2 a5 26. d4 Re8 27. bxa5 Ra8 28. Rb1 Rxa5 29. Rxb7 Rxa2+ 30. Kf3 Rxh2 31. Rd7 c5 32. Rxd6+ Kg5 33. dxc5 Ra2 34. c6 Ra4 35. c5 Ra5 36. Rd5 Ra6 37. g4 Rxc6 38. Rxf5+ Kg6 39. Ke4 Ra6 40. Kd5 Ra3 41. Re5 1-0

[Event "CAN Transnational Rapid"]
[Site "Toronto"]
[Date "2023.06.04"]
[Round "6"]
[White "Sambuev, Bator"]
[Black "Sai, Krishna GV"]
[Result "0-1"]
[WhiteElo "2448"]
[BlackElo "2376"]
[PlyCount "116"]
[EventDate "2023.06.03"]
[EventType "swiss (rapid)"]
[EventRounds "11"]
[EventCountry "CAN"]
[SourceTitle "CBM 214 Extra"]
[Source "ChessBase"]
[SourceDate "2023.07.31"]
[SourceVersion "1"]
[SourceVersionDate "2023.07.31"]
[SourceQuality "1"]

1. d4 Nf6 2. c4 g6 3. Nc3 Bg7 4. e4 d6 5. Be2 0-0 6. h4 h5 7. Nf3 c5 8. d5 b5 9. cxb5 a6 10. a4 axb5 11. Bxb5 Ba6 12. Bg5 Qa5 13. 0-0 Nbd7 14. Ra3 Rfb8 15. Qc2 Qd8 16. Rfa1 Ng4 17. Qe2 Bb7 18. a5 Ra7 19. a6 Bc8 20. R1a2 Nde5 21. Nd2 Qb6 22. Ra5 f5 23. Nc4 Nxc4 24. Bxc4 Bxc3 25. bxc3 Qb1+ 26. Qf1 Qxf1+ 27. Kxf1 fxe4 28. Rb5 Rba8 29. Rb6 Ne5 30. Bb5 Nd7 31. Rc6 Ne5 32. Rxc8+ Rxc8 33. c4 Nd3 34. Bd2 e6 35. dxe6 Kf8 36. Bg5 Nb4 37. Ra3 d5 38. e7+ Rxe7 39. Bxe7+ Kxe7 40. a7 Ra8 41. cxd5 Kd6 42. Bc4 Nxd5 43. Ra6+ Ke5 44. Rxg6 Nc7 45. Be2 Rxa7 46. Bxh5 Ra1+ 47. Ke2 Ra2+ 48. Ke1 Ra1+ 49. Bd1 Nd5 50. Rg8 e3 51. Re8+ Kd4 52. fxe3+ Nxe3 53. Rd8+ Ke4 54. h5 Nxg2+ 55. Kf2 Ra2+ 56. Kg3 Ne3 57. Bf3+ Kf5 58. h6 Nf1+ 0-1

[Event "Toronto Excelsior op"]
[Site "Toronto"]
[Date "2023.04.22"]
[Round "3"]
[White "Sambuev, Bator"]
[Black "Noritsyn, Nikolay"]
[Result "1/2-1/2"]
[WhiteElo "2433"]
[BlackElo "2444"]
[PlyCount "156"]
[EventDate "2023.04.21"]
[EventType "swiss"]
[EventRounds "5"]
[EventCountry "CAN"]
[SourceTitle "CBM 213 Extra"]
[Source "ChessBase"]
[SourceDate "2023.05.31"]
[SourceVersion "1"]
[SourceVersionDate "2023.05.31"]
[SourceQuality "1"]

1. Nf3 d5 2. g3 Nc6 3. d4 Bf5 4. Bg2 Nb4 5. Na3 e6 6. 0-0 h6 7. c3 Nc6 8. Qa4 Be4 9. b4 a6 10. Ne5 Bxg2 11. Nxc6 Qd7 12. Kxg2 Qxc6 13. Qxc6+ bxc6 14. Rb1 Nf6 15. f3 Be7 16. c4 Kd7 17. c5 a5 18. Nc2 axb4 19. Nxb4 Ra4 20. Nd3 Rha8 21. Ne5+ Ke8 22. Nxc6 Rxa2 23. Kf2 R2a6 24. Nb4 Ra4 25. Bf4 Kd7 26. Rb3 Ng8 27. g4 Bf6 28. e3 Ne7 29. Rfb1 Nc6 30. Nxc6 Kxc6 31. Rb7 Ra2+ 32. Kg3 Bd8 33. Kh3 Kd7 34. Rb8 Rxb8 35. Rxb8 Rc2 36. Be5 f6 37. Bg3 Rc3 38. Bf2 e5 39. Kg2 Rc2 40. Kf1 Rc1+ 41. Ke2 Rc2+ 42. Ke1 Rc3 43. Kd2 exd4 44. exd4 Ra3 45. Bg3 Ra6 46. h4 g6 47. h5 f5 48. Be5 fxg4 49. fxg4 gxh5 50. gxh5 Bf6 51. Bxf6 Rxf6 52. Rg8 Rf5 53. Rg7+ Kd8 54. c6 Rf6 55. Rd7+ Kc8 56. Rxd5 Rxc6 57. Ke3 Rc1 58. Kf4 Rh1 59. Kg4 Kb7 60. Re5 Kc6 61. Re6+ Kd5 62. Rxh6 Kxd4 63. Rc6 Kd5 64. Rxc7 Ke6 65. Kg5 Rg1+ 66. Kh6 Kf6 67. Kh7 Rh1 68. h6 Rh2 69. Rc1 Rg2 70. Rf1+ Ke7 71. Rf5 Rg1 72. Ra5 Kf8 73. Ra8+ Kf7 74. Kh8 Rg2 75. h7 Rg1 76. Rg8 Rf1 77. Rg7+ Kf8 78. Rf7+ Kxf7 1/2-1/2